000 00412nam a22001697a 4500
005 20251210141605.0
008 251210b |||||||| |||| 00| 0 eng d
037 _cTB
040 _aAL
_cAL
041 _2ENG
_aENG
100 _aRajagopalachari, C.
_9855743
245 _aMahabharata
260 _c1983.
300 _a334p.
942 _2CC
_cTB
_n0
999 _c1466139
_d1466139